=LDR 00000nam 2200000 4500 =001 INLIS000000000011313 =005 20230411092606 =035 ##$$a 0010-061300000011313 =008 230411###########################0###### =041 ##$$a Ind =082 ##$$a 320.959.8 =090 ##$$a 959.81, Sja P =100 ##$$a Sjamsuddin, Nasarruddin =245 1#$$a Dinamika Sistem Politik Indonesia /$c Nazaruddin Sjamsuddin =260 ##$$a Jakarta :$b Gramedia Pustaka Utama,$c 1990 =300 ##$$a XVIII,377 hlm, ; $c 21 cm =650 #4$$a Awn-Sejarah-Politik =850 ##$$a NBPNMAT =020 ##$$a 979-511-836-6 =084 ##$$a 320.959.8 SJA d =990 ##$$a 00031726 =990 ##$$a 00031727 =990 ##$$a 00031728 =990 ##$$a 00055694 =990 ##$$a 0001/BPAP-NTB/2016